000 00382nam a2200145Ia 4500
008 240729s9999 xx 000 0 und d
245 0 _aAnimal Nutrition
260 _aChina
260 _bKeAi Communications Co., Ltd.
650 _a Animal culture
650 _aAgriculture
856 _uhttps://doaj.org/toc/84fbdd0defd5469388dfc6835d79efcf
942 _2ddc
942 _cDOAJEJ
999 _c67744
_d67744
945 _a1
_bMadushi Gamage
_c1
_dMadushi Gamage